Halsbury's laws of England :Criminal Law, vol. 26. / (Record no. 3440)

MARC details
000 -LEADER
fixed length control field 01117nam a22001817a 4500
008 - FIXED-LENGTH DATA ELEMENTS--GENERAL INFORMATION
fixed length control field 140818b xxu||||| |||| 00| 0 eng d
020 ## - INTERNATIONAL STANDARD BOOK NUMBER
International Standard Book Number 9781405752930
050 ## - LIBRARY OF CONGRESS CALL NUMBER
Classification number KD310.H34(5e vol.26)
245 ## - TITLE STATEMENT
Title Halsbury's laws of England :Criminal Law, vol. 26. /
Statement of responsibility, etc. edited by Lord Mackay.
Remainder of title Criminal law. /
250 ## - EDITION STATEMENT
Edition statement 5th ed.
260 ## - PUBLICATION, DISTRIBUTION, ETC.
Place of publication, distribution, etc. London:
Name of publisher, distributor, etc. Lexis-Nexis,
Date of publication, distribution, etc. 2010.
300 ## - PHYSICAL DESCRIPTION
Extent 451p.:
Dimensions 26cm.
440 ## - SERIES STATEMENT/ADDED ENTRY--TITLE
Volume/sequential designation vol. 26
Name of part/section of a work Criminal law.
500 ## - GENERAL NOTE
General note Includes index.
505 ## - FORMATTED CONTENTS NOTE
Formatted contents note Contents: How to use Halbury's laws of England -- References and abbreviations -- Table of statutes -- Table of statutory instruments -- Table of civil procedure -- Table of cases -- Volume 26: Table of contents -- Offences against the state or security continued -- Public order offences -- Offences against the state or security continued -- Public order offences -- Weapons Offences -- Offences relating to the administration of justice -- Offences against decency and morality -- Offences relating to controlled drugs etc -- Money laundering offences -- Miscellaneous offences -- Index.
700 ## - ADDED ENTRY--PERSONAL NAME
Personal name Mackay, Lord.
942 ## - ADDED ENTRY ELEMENTS (KOHA)
Source of classification or shelving scheme Library of Congress Classification
Koha item type Books
Holdings
Withdrawn status Lost status Source of classification or shelving scheme Damaged status Not for loan Home library Current library Shelving location Date acquired Total Checkouts Full call number Barcode Date last seen Copy number Price effective from Koha item type
    Library of Congress Classification     WISCONSIN INTERNATIONAL UNIVERSITY COLLEGE, GHANA - MAIN LIBRARY WISCONSIN INTERNATIONAL UNIVERSITY COLLEGE, GHANA - MAIN LIBRARY Law Library 18/08/2014   KD310.H34(5e vol.26) 1101/89/14 18/08/2014 1 18/08/2014 Books

If you have any concerns or questions; kindly contact the library


© Powered by WIUC ICT DIRECTORATE